[Event "Red River Shootout 16th"]
[Site "Davis"]
[Date "2018.04.21"]
[Round "1.5"]
[White "Hatcher, Wayne"]
[Black "Tort, Francisco"]
[Result "1/2-1/2"]
[WhiteElo "1930"]
[BlackElo "1813"]
[PlyCount "212"]
[EventDate "2018.04.21"]
[EventType "team-match"]
[EventRounds "2"]
[EventCountry "USA"]
[SourceTitle "CBM 184 Extra"]
[Source "ChessBase"]
[SourceDate "2018.06.28"]
[SourceVersion "1"]
[SourceVersionDate "2018.06.28"]
[SourceQuality "1"]
[WhiteTeam "Oklahoma"]
[BlackTeam "Texas"]
[WhiteTeamCountry "USA"]
[BlackTeamCountry "USA"]

1. Nf3 d5 2. c4 e6 3. g3 Nf6 4. Bg2 Be7 5. 0-0 0-0 6. d4 dxc4 7. Qc2 a6 8. Qxc4 b5 9. Qc2 Bb7 10. Nbd2 Nbd7 11. b3 c5 12. Bb2 Rc8 13. Qb1 Qb6 14. e3 Rfd8 15. Rd1 Nd5 16. e4 N5f6 17. Re1 h6 18. h3 cxd4 19. Bxd4 Bc5 20. Be3 Bxe3 21. Rxe3 Nc5 22. b4 Na4 23. Qb3 Rd7 24. Rae1 Rcd8 25. R1e2 Qc7 26. Kh2 Nh5 27. a3 g5 28. Nf1 Nf4 29. Rc2 Qb6 30. gxf4 gxf4 31. Re1 Rd3 32. Qa2 Nc3 33. Rxc3 Rxc3 34. Qb2 Rdd3 35. Ne5 Rb3 36. Qe2 f3 37. Nxf3 Rxa3 38. Ng3 Qd6 39. e5 Qxb4 40. Ng1 Bxg2 41. Kxg2 Qf4 42. Qg4+ Qxg4 43. hxg4 Ra4 44. Ne4 Kg7 45. f3 Ra2+ 46. Re2 Ra1 47. Rb2 Rd5 48. f4 Rd4 49. Re2 Raa4 50. Kf3 Rd1 51. Nh3 Rd3+ 52. Kg2 Raa3 53. Ng1 Kg6 54. Rf2 Re3 55. Nf6 Rg3+ 56. Kh2 a5 57. Rd2 Rgd3 58. Rc2 Rac3 59. Rf2 a4 60. f5+ exf5 61. gxf5+ Kg5 62. Ne4+ Kg4 63. Nxc3 Rxc3 64. e6 fxe6 65. f6 Rc8 66. f7 Rf8 67. Nf3 a3 68. Ne5+ Kg5 69. Nd7 a2 70. Rxa2 Rxf7 71. Rg2+ Kh4 72. Ne5 Rf5 73. Nd3 Rf3 74. Ne5 Rf5 75. Nd3 Rf7 76. Re2 Rd7 77. Nc5 Rd6 78. Nxe6 b4 79. Re4+ Kh5 80. Nf4+ Kg5 81. Rxb4 Ra6 82. Ng2 Ra2 83. Rb3 h5 84. Rg3+ Kf5 85. Kh3 Ra4 86. Nh4+ Kf6 87. Rg6+ Kf7 88. Rg5 Ra3+ 89. Kg2 Ra2+ 90. Kf3 Ra3+ 91. Ke2 Kf6 92. Rf5+ Ke6 93. Rxh5 Kf6 94. Nf3 Kg6 95. Rd5 Kf6 96. Kf2 Ke6 97. Rd4 Kf5 98. Kg3 Kf6 99. Kf4 Ra5 100. Rd6+ Ke7 101. Rb6 Kd7 102. Ne5+ Kc7 103. Re6 Ra1 104. Rc6+ Kb7 105. Kf5 Ra2 106. Ke6 Ra6 1/2-1/2

[Event "Red River Shootout 16th"]
[Site "Davis"]
[Date "2018.04.21"]
[Round "2.5"]
[White "Tort, Francisco"]
[Black "Hatcher, Wayne"]
[Result "1/2-1/2"]
[WhiteElo "1813"]
[BlackElo "1930"]
[PlyCount "77"]
[EventDate "2018.04.21"]
[EventType "team-match"]
[EventRounds "2"]
[EventCountry "USA"]
[SourceTitle "CBM 184 Extra"]
[Source "ChessBase"]
[SourceDate "2018.06.28"]
[SourceVersion "1"]
[SourceVersionDate "2018.06.28"]
[SourceQuality "1"]
[WhiteTeam "Texas"]
[BlackTeam "Oklahoma"]
[WhiteTeamCountry "USA"]
[BlackTeamCountry "USA"]

1. d4 d5 2. Nf3 Nf6 3. c4 e6 4. Nc3 c6 5. e3 a6 6. Bd3 dxc4 7. Bxc4 b5 8. Bd3 Nbd7 9. 0-0 Be7 10. Qe2 Bb7 11. Rd1 0-0 12. a4 b4 13. Nb1 a5 14. Nbd2 c5 15. Nc4 Qc7 16. Nfe5 Rad8 17. e4 cxd4 18. Bf4 Qc5 19. Rac1 Qa7 20. Nxd7 Rxd7 21. e5 Nd5 22. Bg3 Bg5 23. Qh5 h6 24. Rc2 b3 25. Re2 Nb4 26. h4 Be7 27. Nd6 Bxd6 28. exd6 Nxd3 29. Rxd3 Ba6 30. Red2 Bxd3 31. Rxd3 Rb8 32. Be5 Qc5 33. Qe2 Rb4 34. Rg3 f5 35. Bxg7 Rxg7 36. Qxe6+ Kh7 37. Rxg7+ Kxg7 38. Qe7+ Kg6 39. Qe8+ 1/2-1/2